Politicians and public services : (Record no. 600120)

000 -LEADER
fixed length control field 00351nam a2200121Ia 4500
008 - FIXED-LENGTH DATA ELEMENTS--GENERAL INFORMATION
fixed length control field 230907s9999||||xx |||||||||||||| ||und||
082 ## - DEWEY DECIMAL CLASSIFICATION NUMBER
Classification number 361.0068
Author Mark JEN
100 ## - MAIN ENTRY--PERSONAL NAME
Personal name Jenkins, Kate.
9 (RLIN) 115908
245 #0 - TITLE STATEMENT
Title Politicians and public services :
260 ## - PUBLICATION, DISTRIBUTION, ETC.
Place of publication, distribution, etc. Edward Elgar,
Name of publisher, distributor, etc. Cheltenham, UK ; | Northampton, MA :
Date of publication, distribution, etc. 2008
300 ## - PHYSICAL DESCRIPTION
Extent vi, 273 p. ;
942 ## - ADDED ENTRY ELEMENTS (KOHA)
Koha item type Book
Holdings
Withdrawn status Lost status Damaged status Not for loan Permanent Location Current Location Date acquired Total Checkouts Full call number Barcode Date last seen Price effective from Koha item type
        US-Pakistan Center for Advanced Studies in Energy (USPCAS-E) US-Pakistan Center for Advanced Studies in Energy (USPCAS-E) 10/28/2019   361.0068 JEN CAS-E0004219 09/12/2023 09/12/2023 Book
© 2023 Central Library, National University of Sciences and Technology. All Rights Reserved.